000 00484nam a22001817a 4500
003 LK-CoDNM
005 20241230151829.0
008 241230b |||||||| |||| 00| 0 eng d
040 _aLK-CoDNM
_dLK-CoDNM
_eLK-CoDNM
041 _aeng
080 _a3
_bK63
245 _aList of the specimens of Lepidopterous insects in collection of the British museum
260 _aLondon
_bThe trustees
_c1865
300 _b380p. ; 22 cm
650 _a1865
650 _aScience
942 _cBK
999 _c234457
_d234457